000 00534nam a2200157Ia 4500
003 GCL
008 140319s9999 xx 000 0 ara d
040 _aGCL /
_cGCL
082 0 4 _aم
_b920.71
_bم م
100 1 _aمحمد اليعلاوى
_vArranger
_@
…رتب
245 1 0 _aكتاب المقفى الكبير /
_cمحمد اليعلاوى
700 1 _aتقى الدين المقريزي
250 _aالاولى
260 _aبيروت :
_bدار الغرب الاسلامى ،
_c1991
300 _aمتعدد ؛
_c25 سم
999 _c59539
_d59539